000 00322 a2200121 4500
001 ART_17545
005 20260410161750.0
008 260409a
245 1 0 _aThe necessary revolution
100 1 _aSenge, Perter M.
700 1 _aSmith, Bryan
773 0 _tBook Summary
_g- NÂș 12 (ene. 2009)
_wREV4099
999 _c19597
_d19597